[Event "9eme Open International de La Fere"]
[Site "La Fere (FRA)"]
[Date "2010.07.03"]
[Round "1.1"]
[White "Pytel, Bozena"]
[Black "Romanov, Evgeny"]
[Result "0-1"]
[WhiteElo "1964"]
[BlackElo "2590"]
[PlyCount "70"]
[EventDate "2010.??.??"]

1. Nf3 Nf6 2. d4 e6 3. c3 b6 4. Bg5 Bb7 5. Nbd2 Be7 6. e3 c5 7. Bd3 h6 8. Bxf6
Bxf6 9. O-O Nc6 10. Ne4 Be7 11. Ne5 O-O 12. Qh5 f5 13. Ng3 Nxe5 14. dxe5 c4 15.
Bc2 Bc5 16. Rae1 b5 17. Qg6 Qg5 18. Qxg5 hxg5 19. Rd1 Rad8 20. Ne2 Kf7 21. Nd4
a6 22. h3 Ke7 23. f3 Bb6 24. a4 b4 25. cxb4 f4 26. e4 Bc7 27. Rc1 Bb6 28. Rfd1
d5 29. Kf1 dxe4 30. Ne2 e3 31. g3 Bxf3 32. Rxd8 Bxd8 33. Bd1 g4 34. hxg4 Rh8
35. Kg1 Rh1# 0-1

[Event "9eme Open International de La Fere"]
[Site "La Fere (FRA)"]
[Date "2010.07.03"]
[Round "1.2"]
[White "Degraeve, Jean-Marc"]
[Black "Ben Porat, Zeev"]
[Result "1-0"]
[WhiteElo "2569"]
[BlackElo "1956"]
[PlyCount "69"]
[EventDate "2010.??.??"]

1. e4 e6 2. d4 d5 3. Nd2 Ne7 4. Ngf3 Nd7 5. e5 c5 6. c3 Nc6 7. Bd3 Qb6 8. O-O
cxd4 9. cxd4 Nxd4 10. Nxd4 Qxd4 11. Nf3 Qb6 12. Qa4 Qb4 13. Qc2 Nc5 14. a3 Qb3
15. Bxh7 Qxc2 16. Bxc2 Bd7 17. Nd4 a5 18. b3 Be7 19. Be3 O-O 20. f4 f5 21. exf6
gxf6 22. Rf3 Rf7 23. Rd1 e5 24. Nf5 Bxf5 25. Bxf5 d4 26. Bf2 Kf8 27. b4 axb4
28. axb4 Na4 29. Be6 Nc3 30. Re1 Rd8 31. Bxf7 e4 32. Rxc3 dxc3 33. Bb3 Bxb4 34.
Rxe4 Ra8 35. Kf1 1-0

[Event "9eme Open International de La Fere"]
[Site "La Fere (FRA)"]
[Date "2010.07.03"]
[Round "1.3"]
[White "Mestdagh, Franck"]
[Black "Fomichenko, Eduard"]
[Result "0-1"]
[WhiteElo "1944"]
[BlackElo "2458"]
[PlyCount "80"]
[EventDate "2010.??.??"]

1. e4 c5 2. Nf3 e6 3. c3 d5 4. e5 d4 5. cxd4 cxd4 6. Qa4+ Nc6 7. Bb5 Bd7 8. O-O
Bc5 9. b4 Nxb4 10. Ba3 a6 11. Bxd7+ Qxd7 12. Qxd7+ Kxd7 13. Bxb4 Bxb4 14. Nxd4
Ne7 15. Nc3 Bxc3 16. dxc3 Rhc8 17. Rfd1 Ke8 18. Ne2 Rc5 19. f4 Rac8 20. Rab1 b5
21. Rb3 Nd5 22. Ra3 R8c6 23. Rd4 Nxc3 24. Nxc3 Rxc3 25. Rxc3 Rxc3 26. a4 Rc6
27. axb5 axb5 28. Kf2 f6 29. exf6 gxf6 30. Rb4 Rb6 31. Ke3 Kd7 32. g4 Kc6 33.
Rd4 Ra6 34. g5 fxg5 35. fxg5 Ra4 36. Rxa4 bxa4 37. h4 e5 38. Ke4 Kd6 39. h5 Ke6
40. g6 hxg6 0-1

[Event "9eme Open International de La Fere"]
[Site "La Fere (FRA)"]
[Date "2010.07.03"]
[Round "1.4"]
[White "Colin, Vincent"]
[Black "Meunier, Samuel"]
[Result "1/2-1/2"]
[WhiteElo "2425"]
[BlackElo "1944"]
[PlyCount "122"]
[EventDate "2010.??.??"]

1. d4 d5 2. c4 c6 3. Nf3 Nf6 4. Nc3 e6 5. Bg5 Be7 6. e3 a6 7. Ne5 O-O 8. cxd5
exd5 9. Bd3 Be6 10. f4 c5 11. f5 Bc8 12. O-O Nc6 13. Nxc6 bxc6 14. Na4 cxd4 15.
exd4 Nd7 16. Bxe7 Qxe7 17. Rc1 Qe3+ 18. Kh1 Qxd4 19. f6 g6 20. Rxc6 Ne5 21. Rc3
Qh4 22. Nb6 Bg4 23. Qe1 Qxe1 24. Rxe1 Nxd3 25. Rxd3 Rab8 26. Nxd5 Rxb2 27. a3
Rfb8 28. h3 Bf5 29. Ne7+ Kf8 30. Nxf5 gxf5 31. Re5 R2b5 32. Rdd5 h6 33. a4 Rxd5
34. Rxd5 Kg8 35. a5 Kh7 36. Rd6 Ra8 37. g3 Kg6 38. Kg2 Ra7 39. Kf3 Kg5 40. h4+
Kg6 41. Kf4 h5 42. Ke5 Ra8 43. Kf4 Ra7 44. Rc6 Ra8 45. Rb6 Ra7 46. Ke5 Ra8 47.
Kd5 Rd8+ 48. Kc6 Rd3 49. Kb7 Rxg3 50. Kxa6 f4 51. Kb7 f3 52. Rb1 f2 53. Rf1 Rf3
54. a6 Rb3+ 55. Kc7 Ra3 56. Kb6 Rb3+ 57. Kc5 Ra3 58. Kb5 Ra2 59. Kb6 Rb2+ 60.
Kc7 Ra2 61. Kb7 Rb2+ 1/2-1/2

[Event "9eme Open International de La Fere"]
[Site "La Fere (FRA)"]
[Date "2010.07.03"]
[Round "1.5"]
[White "Soveaux, Jean"]
[Black "Pytel, Krzysztof"]
[Result "0-1"]
[WhiteElo "1932"]
[BlackElo "2360"]
[PlyCount "70"]
[EventDate "2010.??.??"]

1. d4 Nf6 2. c4 g6 3. Nf3 Bg7 4. g3 O-O 5. Bg2 c5 6. O-O cxd4 7. Nxd4 Nc6 8. e3
d5 9. c5 Ne4 10. Nc3 Nxc3 11. bxc3 Na5 12. Rb1 e6 13. Bd2 Nc4 14. Rb3 Qc7 15.
Be1 Qxc5 16. Qb1 b6 17. Kh1 Bb7 18. Rb4 Rac8 19. Nb3 Qe7 20. Nd4 Rfd8 21. a4 e5
22. Ne2 Bc6 23. e4 a5 24. Rxc4 dxc4 25. Qxb6 Qb7 26. Qxa5 Ra8 27. Qc5 Rxa4 28.
f3 Qb5 29. Qf2 Ra2 30. f4 Qb2 31. fxe5 Qxe2 32. Qxf7+ Kh8 33. Qf3 Qxf3 34. Bxf3
Bxe5 35. Bg2 Kg7 0-1

[Event "9eme Open International de La Fere"]
[Site "La Fere (FRA)"]
[Date "2010.07.03"]
[Round "1.6"]
[White "Pisk, Petr"]
[Black "Sainseaux, Patrice"]
[Result "1-0"]
[WhiteElo "2337"]
[BlackElo "1921"]
[PlyCount "69"]
[EventDate "2010.??.??"]

1. e4 c5 2. d4 cxd4 3. c3 dxc3 4. Nxc3 e6 5. Bc4 Bc5 6. Nf3 Ne7 7. O-O O-O 8.
Bf4 Ng6 9. Bg3 d6 10. Na4 Bd7 11. Nxc5 dxc5 12. h4 Bc6 13. Qe2 Qf6 14. Qe3 Nd7
15. h5 Nge5 16. Nxe5 Nxe5 17. Be2 b6 18. Rad1 Rfd8 19. Bf4 h6 20. Qg3 Nd7 21.
e5 Qf5 22. Rd6 Bd5 23. Bb5 Nf8 24. Bxh6 Qh7 25. Bg5 Rxd6 26. exd6 a6 27. Be2
Nd7 28. Be7 Qc2 29. Bf3 Qf5 30. Bg4 Qe5 31. f4 Qd4+ 32. Kh2 Nf6 33. h6 Nxg4+
34. Qxg4 g6 35. d7 1-0

[Event "9eme Open International de La Fere"]
[Site "La Fere (FRA)"]
[Date "2010.07.03"]
[Round "1.8"]
[White "Piankov, Evgenij"]
[Black "Rouffignac, Tanguy"]
[Result "1-0"]
[WhiteElo "2324"]
[BlackElo "1891"]
[PlyCount "87"]
[EventDate "2010.??.??"]

1. d4 Nf6 2. c4 g6 3. Nc3 Bg7 4. g3 d5 5. cxd5 Nxd5 6. Bg2 Nb6 7. Nf3 Nc6 8. e3
e5 9. O-O exd4 10. Nxd4 Nxd4 11. exd4 O-O 12. d5 Re8 13. a4 Nc4 14. Qb3 Nd6 15.
Bf4 g5 16. Bd2 Bf5 17. Rfe1 h6 18. Nb5 Nxb5 19. Qxb5 Rxe1+ 20. Rxe1 Rb8 21. b3
Bg6 22. Be3 a6 23. Qc5 b6 24. Qc6 Bf8 25. Bd4 Qd6 26. Qc3 Qb4 27. Rc1 Qxc3 28.
Rxc3 Bd6 29. f3 Re8 30. Kf2 Re7 31. Rc6 Bd3 32. Bf1 Bxf1 33. Kxf1 Bb4 34. Rxh6
Re1+ 35. Kf2 f5 36. Rg6+ Kh7 37. Rxg5 Rd1 38. Be5 Rxd5 39. Bxc7 Rd2+ 40. Kf1
Rd1+ 41. Kg2 Rd2+ 42. Kh3 Bc5 43. Rxf5 Bg1 44. g4 1-0

[Event "9eme Open International de La Fere"]
[Site "La Fere (FRA)"]
[Date "2010.07.03"]
[Round "1.9"]
[White "Sivertsen, Aage"]
[Black "Forthofer, Robert"]
[Result "0-1"]
[WhiteElo "1876"]
[BlackElo "2303"]
[PlyCount "64"]
[EventDate "2010.??.??"]

1. e4 e6 2. Nf3 d5 3. e5 Bd7 4. d4 c5 5. c3 Nc6 6. Bd3 f6 7. O-O fxe5 8. Nxe5
Nxe5 9. dxe5 g6 10. Na3 Nh6 11. Be3 Qa5 12. c4 d4 13. Nb5 dxe3 14. fxe3 Bxb5
15. cxb5 O-O-O 16. Qb3 Kb8 17. Be4 Qb6 18. Rf6 c4 19. Qc3 Bg7 20. Rf3 Qxb5 21.
a4 Qb3 22. Qa5 Rd7 23. Ra3 Qxb2 24. Rc3 b6 25. Qb5 Rd1+ 26. Rf1 Rxf1+ 27. Kxf1
Rf8+ 28. Bf3 Qxc3 29. Qc6 Qd3+ 30. Kf2 Qd2+ 31. Kf1 Qd5 32. Qd6+ Qxd6 0-1

[Event "9eme Open International de La Fere"]
[Site "La Fere (FRA)"]
[Date "2010.07.03"]
[Round "1.10"]
[White "Fomichenko, Svetlana"]
[Black "Cardon, Pierre"]
[Result "1-0"]
[WhiteElo "2217"]
[BlackElo "1871"]
[PlyCount "32"]
[EventDate "2010.??.??"]

1. e4 c5 2. Nf3 g6 3. d4 Bg7 4. Nc3 Nc6 5. dxc5 Bxc3+ 6. bxc3 Qa5 7. Bb2 Qxc5
8. Bd3 d6 9. Qd2 Nf6 10. O-O O-O 11. h3 b5 12. Qh6 Rb8 13. Ng5 e5 14. Kh1 Ne7
15. f4 Kh8 16. Qxf8+ Neg8 1-0

[Event "9eme Open International de La Fere"]
[Site "La Fere (FRA)"]
[Date "2010.07.03"]
[Round "1.11"]
[White "Dumas, Victor"]
[Black "Henris, Luc"]
[Result "0-1"]
[WhiteElo "1865"]
[BlackElo "2213"]
[PlyCount "36"]
[EventDate "2010.??.??"]

1. e4 e5 2. f4 exf4 3. Bc4 Nc6 4. Nf3 Nf6 5. Nc3 Bb4 6. e5 Ng4 7. d4 d5 8. Bb3
O-O 9. O-O Bxc3 10. bxc3 f6 11. h3 Ne3 12. Bxe3 fxe3 13. c4 fxe5 14. cxd5 Nxd4
15. Nxd4 Rxf1+ 16. Kxf1 Qh4 17. Qf3 Bg4 18. Nf5 e2+ 0-1

[Event "9eme Open International de La Fere"]
[Site "La Fere (FRA)"]
[Date "2010.07.03"]
[Round "1.13"]
[White "Daniel, Antoine"]
[Black "Defrance, Laurent"]
[Result "1/2-1/2"]
[WhiteElo "1863"]
[BlackElo "2190"]
[PlyCount "84"]
[EventDate "2010.??.??"]

1. e4 e5 2. Nf3 Nf6 3. Nc3 Bb4 4. Bc4 O-O 5. O-O d6 6. Nd5 Nxd5 7. Bxd5 c6 8.
Bb3 Bg4 9. c3 Ba5 10. h3 Bh5 11. d4 Nd7 12. g4 Bg6 13. Bg5 Qc7 14. dxe5 Nxe5
15. Nxe5 dxe5 16. Qe2 Kh8 17. f3 f6 18. Be3 Bb6 19. Kg2 Rfd8 20. Rad1 Bf7 21.
Bxf7 Qxf7 22. Bxb6 axb6 23. Rxd8+ Rxd8 24. Rd1 Qe7 25. Rxd8+ Qxd8 26. Kf2 h6
27. Qe3 b5 28. Ke2 Qa5 29. a3 Qa4 30. Qd3 Qb3 31. Qd2 Qc4+ 32. Qd3 Qa2 33. Qc2
Qa1 34. Qd2 Kh7 35. h4 h5 36. g5 fxg5 37. Qxg5 Qxb2+ 38. Kf1 Qxa3 39. Qf5+ Kg8
40. Qe6+ Kh7 41. Qf5+ Kg8 42. Qe6+ Kh7 1/2-1/2

[Event "9eme Open International de La Fere"]
[Site "La Fere (FRA)"]
[Date "2010.07.03"]
[Round "1.14"]
[White "Demanghon, Jonathan"]
[Black "Boudier, Eric"]
[Result "1-0"]
[WhiteElo "2183"]
[BlackElo "1862"]
[PlyCount "91"]
[EventDate "2010.??.??"]

1. d4 Nc6 2. Nf3 d6 3. e4 Bg4 4. Bb5 a6 5. Ba4 b5 6. Bb3 e6 7. Be3 Nf6 8. Nbd2
Na5 9. O-O Be7 10. c4 O-O 11. cxb5 Nxb3 12. Qxb3 axb5 13. Qxb5 Rb8 14. Qc6 Rxb2
15. Rfc1 Qa8 16. Qxa8 Rxa8 17. Rxc7 Bd8 18. Rc6 d5 19. h3 Bxf3 20. gxf3 Ba5 21.
Nb3 Bb4 22. Nc5 dxe4 23. fxe4 Bxc5 24. dxc5 Nxe4 25. Rb6 Rc2 26. Rab1 Kf8 27.
R1b4 Nc3 28. Rb8+ Rxb8 29. Rxb8+ Ke7 30. Rb7+ Ke8 31. a3 Nd5 32. Rb5 Rc4 33.
Bd2 Kd7 34. Bb4 h5 35. Rb7+ Nc7 36. Rb8 g6 37. Kg2 f6 38. Rb6 g5 39. Rd6+ Kc8
40. Rc6 Kd7 41. Rd6+ Kc8 42. Ba5 Nd5 43. c6 Nc7 44. Kf3 Rf4+ 45. Kg3 Re4 46.
Rd7 1-0

[Event "9eme Open International de La Fere"]
[Site "La Fere (FRA)"]
[Date "2010.07.03"]
[Round "1.15"]
[White "Louis, Andre"]
[Black "Bardoux, Thierry"]
[Result "0-1"]
[WhiteElo "1853"]
[BlackElo "2169"]
[PlyCount "82"]
[EventDate "2010.??.??"]

1. e4 g6 2. d4 Bg7 3. Nc3 c5 4. dxc5 Qa5 5. Nge2 Qxc5 6. Be3 Qa5 7. Qd5 Qd8 8.
O-O-O Nf6 9. Qd2 O-O 10. f3 Nc6 11. Nd4 d6 12. h4 h5 13. Bc4 a6 14. Nxc6 bxc6
15. e5 Ne8 16. exd6 exd6 17. Bh6 d5 18. Bxg7 Nxg7 19. Ne4 Qe7 20. Bxd5 cxd5 21.
Qxd5 Bb7 22. Qd7 Qxd7 23. Nf6+ Kh8 24. Rxd7 Bc8 25. Rd4 Nf5 26. Rb4 Kg7 27. Ne4
a5 28. Rb6 Ra6 29. Rxa6 Bxa6 30. g4 hxg4 31. fxg4 Bb7 32. gxf5 Bxe4 33. f6+
Kxf6 34. Rh2 Rh8 35. Kd2 Ke5 36. c3 f5 37. b4 axb4 38. cxb4 g5 39. h5 g4 40.
Rh4 Kf4 41. h6 Kg5 0-1

[Event "9eme Open International de La Fere"]
[Site "La Fere (FRA)"]
[Date "2010.07.03"]
[Round "1.16"]
[White "Marchyllie, Bruno"]
[Black "Ben Porat, Tal"]
[Result "1-0"]
[WhiteElo "2131"]
[BlackElo "1849"]
[PlyCount "75"]
[EventDate "2010.??.??"]

1. e4 e6 2. d4 d5 3. e5 c5 4. c3 Nc6 5. Nf3 Qb6 6. dxc5 Bxc5 7. Qc2 a5 8. Bd3
Nge7 9. Bf4 Ng6 10. Bg3 Bd7 11. O-O Rc8 12. h4 Na7 13. h5 Ne7 14. a4 Nac6 15.
Qe2 Nf5 16. Bf4 g6 17. g4 Nfe7 18. h6 Ng8 19. Na3 Na7 20. Nb5 Nxb5 21. axb5 Qd8
22. Ra4 b6 23. Rd1 Bf8 24. Bg5 Be7 25. Be3 Bc5 26. b4 axb4 27. cxb4 Bxe3 28.
Qxe3 Ra8 29. Rda1 Rxa4 30. Rxa4 Ne7 31. Ra6 Nc8 32. Qf4 O-O 33. g5 Qe7 34. Nh2
Rd8 35. Ng4 Be8 36. Nf6+ Kh8 37. Ra8 Qf8 38. Qc1 1-0

[Event "9eme Open International de La Fere"]
[Site "La Fere (FRA)"]
[Date "2010.07.03"]
[Round "1.17"]
[White "Jimenez, Martin"]
[Black "Billon, Olivier"]
[Result "1-0"]
[WhiteElo "1849"]
[BlackElo "2129"]
[PlyCount "91"]
[EventDate "2010.??.??"]

1. d4 Nf6 2. Nf3 e6 3. Nbd2 d5 4. e3 c5 5. b3 cxd4 6. exd4 Nc6 7. Bd3 Qc7 8. a3
Bd6 9. Bb2 O-O 10. Qe2 Nd7 11. O-O e5 12. dxe5 Ncxe5 13. Bd4 Nxd3 14. Qxd3 Nc5
15. Qc3 f6 16. b4 Ne6 17. Qxc7 Bxc7 18. Be3 Rd8 19. c3 Bd7 20. Nb3 Rac8 21.
Nfd4 Bb6 22. Nxe6 Bxe6 23. Bxb6 axb6 24. Rfc1 Rc7 25. Nd4 Bd7 26. a4 Rdc8 27.
Ne2 Rc4 28. Rd1 Be6 29. Rd4 Kf7 30. Rxc4 Rxc4 31. Ra3 Bf5 32. Nd4 Bd7 33. Kf1
h5 34. Ke2 g5 35. Kd3 Kg6 36. a5 Bf5+ 37. Kd2 bxa5 38. Rxa5 Bd7 39. Rxd5 Bc6
40. Nxc6 Rxc6 41. Kd3 f5 42. c4 Kf6 43. c5 b6 44. b5 Rxc5 45. Rxc5 bxc5 46. b6
1-0

[Event "9eme Open International de La Fere"]
[Site "La Fere (FRA)"]
[Date "2010.07.03"]
[Round "1.18"]
[White "Feryn, Alexandre"]
[Black "Azzouz, Belkhelfa"]
[Result "1-0"]
[WhiteElo "2075"]
[BlackElo "1841"]
[PlyCount "43"]
[EventDate "2010.??.??"]

1. e4 e5 2. Nf3 Nc6 3. Bb5 a6 4. Bxc6 dxc6 5. O-O Bg4 6. h3 h5 7. d3 Bd6 8.
Nbd2 Qf6 9. Re1 Be6 10. d4 h4 11. Nb3 Rh5 12. Nxe5 Rxe5 13. dxe5 Bxe5 14. Qh5
g6 15. Qe2 Rd8 16. Nc5 Bc8 17. c3 Ne7 18. Be3 g5 19. Rad1 Ng6 20. Rxd8+ Kxd8
21. Qd2+ Ke8 22. Bxg5 1-0

[Event "9eme Open International de La Fere"]
[Site "La Fere (FRA)"]
[Date "2010.07.03"]
[Round "1.19"]
[White "De Brouwere, Johan"]
[Black "Thomas, Olivier"]
[Result "0-1"]
[WhiteElo "1835"]
[BlackElo "2060"]
[PlyCount "40"]
[EventDate "2010.??.??"]

1. d4 Nf6 2. Nf3 g6 3. g3 Bg7 4. Bg2 O-O 5. O-O d6 6. c4 Nc6 7. Nc3 Bf5 8. Nh4
Bd7 9. f4 Na5 10. c5 dxc5 11. dxc5 Bc6 12. e4 Qxd1 13. Rxd1 Rfd8 14. Rxd8+ Rxd8
15. e5 Nd5 16. Bd2 Nc4 17. Nxd5 Bxd5 18. Bc3 e6 19. Kf2 Bxg2 20. Nxg2 Nxb2 0-1

[Event "9eme Open International de La Fere"]
[Site "La Fere (FRA)"]
[Date "2010.07.03"]
[Round "1.21"]
[White "Molet, Asher"]
[Black "Husson, Cybele"]
[Result "1/2-1/2"]
[WhiteElo "1830"]
[BlackElo "2040"]
[PlyCount "52"]
[EventDate "2010.??.??"]

1. d4 g6 2. Nf3 Bg7 3. c4 d6 4. Nc3 Nd7 5. e4 e5 6. Be2 Ne7 7. O-O O-O 8. Bg5
f6 9. Bh4 exd4 10. Nxd4 Nc5 11. b4 Ne6 12. Nxe6 Bxe6 13. Rc1 Qd7 14. Qd2 f5 15.
Bxe7 Qxe7 16. exf5 Rxf5 17. Bg4 Bxc4 18. Bxf5 Bxf1 19. Re1 Be5 20. Nd5 Qf7 21.
Bxg6 hxg6 22. Rxf1 c6 23. Ne3 Qf4 24. g3 Qf3 25. Nc4 Qf6 26. Nxe5 Qxe5 1/2-1/2

[Event "9eme Open International de La Fere"]
[Site "La Fere (FRA)"]
[Date "2010.07.03"]
[Round "1.22"]
[White "Feryn, Benjamin"]
[Black "Nicolas, Christian"]
[Result "1-0"]
[WhiteElo "2034"]
[BlackElo "1830"]
[PlyCount "57"]
[EventDate "2010.??.??"]

1. e4 d6 2. d4 Nf6 3. Nc3 g6 4. f4 Bg7 5. Nf3 c5 6. d5 Qa5 7. Bd3 Bg4 8. O-O
Nbd7 9. h3 Bxf3 10. Qxf3 O-O 11. Qe2 Rac8 12. Kh2 a6 13. Bd2 Qc7 14. Qe3 b5 15.
a3 c4 16. Be2 Nc5 17. g4 e6 18. g5 Nfd7 19. Bg4 f5 20. gxf6 Rxf6 21. dxe6 Nb6
22. Nd5 Nxd5 23. exd5 Qe7 24. Bc3 Rff8 25. Bxg7 Kxg7 26. Qd4+ Kg8 27. f5 Rf6
28. fxg6 Rxg6 29. Bh5 1-0

[Event "9eme Open International de La Fere"]
[Site "La Fere (FRA)"]
[Date "2010.07.03"]
[Round "1.23"]
[White "Timmermans, Eric"]
[Black "Lebon, Joffrey"]
[Result "1-0"]
[WhiteElo "1825"]
[BlackElo "2026"]
[PlyCount "179"]
[EventDate "2010.??.??"]

1. e4 e5 2. Nf3 Nc6 3. d4 exd4 4. Bc4 Nf6 5. O-O Bc5 6. e5 d5 7. exf6 dxc4 8.
fxg7 Rg8 9. Re1+ Be6 10. Bg5 Be7 11. Bxe7 Kxe7 12. Nbd2 Qd5 13. Qe2 Rxg7 14.
Nxc4 Rag8 15. g3 Kd8 16. Nce5 Nxe5 17. Nxe5 Bh3 18. Qe4 Qxe4 19. Rxe4 c5 20. b4
b6 21. bxc5 bxc5 22. Rf4 Be6 23. Nd3 Rg5 24. c3 Rd5 25. cxd4 Rxd4 26. Rxd4+
cxd4 27. Nf4 Ke7 28. Rc1 Rd8 29. Nxe6 fxe6 30. Rc7+ Kd6 31. Rxa7 d3 32. Kf1 Kc6
33. Ke1 h5 34. Kd2 e5 35. Ra5 e4 36. a4 Rd4 37. h3 Rc4 38. Rxh5 Rxa4 39. Rf5
Ra2+ 40. Kd1 Kd6 41. h4 Ke6 42. Rf8 Ke7 43. Rf4 Ra1+ 44. Kd2 Ra2+ 45. Kd1 Ra1+
46. Kd2 Ra2+ 47. Kc3 Rc2+ 48. Kb3 Re2 49. h5 Re1 50. Kc3 Kd6 51. h6 Rc1+ 52.
Kd2 Rc2+ 53. Kd1 Ke5 54. h7 Rc8 55. Rh4 Rh8 56. Kd2 Kf6 57. Ke3 Kg7 58. Rxe4
Rd8 59. Kd2 Kxh7 60. Re3 Kg6 61. Rxd3 Re8 62. Re3 Rf8 63. Ke2 Kg5 64. f3 Rg8
65. Kf2 Ra8 66. Re4 Ra2+ 67. Re2 Ra3 68. Kg2 Kf5 69. g4+ Kf4 70. Re4+ Kg5 71.
Kg3 Rb3 72. Rd4 Ra3 73. Rd5+ Kg6 74. Rf5 Ra4 75. Kh4 Rb4 76. Rc5 Rf4 77. Rc6+
Kf7 78. Kg3 Ra4 79. f4 Kg7 80. f5 Kf7 81. Kh4 Kg7 82. Kh5 Rf4 83. Kg5 Ra4 84.
Rc7+ Kg8 85. f6 Rb4 86. Kh5 Rf4 87. g5 Kf8 88. Kg6 Ke8 89. f7+ Kd8 90. Ra7 1-0

[Event "9eme Open International de La Fere"]
[Site "La Fere (FRA)"]
[Date "2010.07.03"]
[Round "1.24"]
[White "Derigny, Philippe"]
[Black "Van Foreest, Jorden"]
[Result "1/2-1/2"]
[WhiteElo "1986"]
[BlackElo "1819"]
[PlyCount "126"]
[EventDate "2010.??.??"]

1. e4 c5 2. c3 d5 3. exd5 Qxd5 4. d4 cxd4 5. cxd4 Nc6 6. Nf3 Bg4 7. Be2 e6 8.
Nc3 Qd6 9. Be3 Nf6 10. O-O Be7 11. h3 Bf5 12. Nb5 Qd7 13. Ne5 Nxe5 14. dxe5 Nd5
15. Qb3 a6 16. Nd4 Bg6 17. Bf3 Nxe3 18. fxe3 O-O 19. Rac1 Rac8 20. Rfd1 Rxc1
21. Rxc1 Bg5 22. Kf2 Rd8 23. Qc4 h6 24. g3 h5 25. h4 Bh6 26. Ke2 Kh8 27. Qc7
Qe8 28. Rc4 f6 29. Bxb7 Rd7 30. Qc8 fxe5 31. Qxe8+ Bxe8 32. Rc8 Rxb7 33. Rxe8+
Kh7 34. Nb3 Kg6 35. Rxe6+ Kf5 36. Rxa6 Rb4 37. Ra5 Re4 38. Nd4+ Kg4 39. Nc2
Kxg3 40. b4 g5 41. Kd3 Rxh4 42. Rxe5 Rh1 43. Nd4 Kg4 44. b5 Rb1 45. Nb3 h4 46.
b6 Rf1 47. b7 Rf8 48. Re4+ Kg3 49. Nd4 h3 50. Re6 Kg2 51. Rxh6 Rb8 52. Rg6 h2
53. Rxg5+ Kf2 54. Rh5 Kg2 55. a4 Rxb7 56. Rxh2+ Kxh2 57. Kc4 Kg3 58. a5 Kf2 59.
e4 Ke3 60. Nc6 Kxe4 61. Kc5 Rb1 62. Nb4 Ra1 63. Kb6 Rxa5 1/2-1/2

[Event "9eme Open International de La Fere"]
[Site "La Fere (FRA)"]
[Date "2010.07.03"]
[Round "1.26"]
[White "Deneuville, Ludovic"]
[Black "Casier, Fabrice"]
[Result "1-0"]
[WhiteElo "1968"]
[BlackElo "1802"]
[PlyCount "41"]
[EventDate "2010.??.??"]

1. e4 d5 2. exd5 Qxd5 3. Nc3 Qa5 4. d4 c6 5. Bd3 Nf6 6. Nge2 Bf5 7. b4 Qxb4 8.
Bxf5 g6 9. Bd3 Bg7 10. O-O Qd6 11. Bf4 Qd7 12. Be5 O-O 13. Ne4 Nd5 14. Bxg7
Kxg7 15. c4 Nc7 16. Nc5 Qc8 17. f4 e6 18. Be4 Nd7 19. Nxd7 Qxd7 20. Qb3 Rab8
21. Rad1 1-0

[Event "9eme Open International de La Fere"]
[Site "La Fere (FRA)"]
[Date "2010.07.03"]
[Round "1.28"]
[White "Navel, Jean-Yves"]
[Black "Vernede, Victor"]
[Result "1-0"]
[WhiteElo "1776"]
[BlackElo "1671"]
[PlyCount "97"]
[EventDate "2010.??.??"]

1. e4 e6 2. d4 d5 3. e5 c5 4. c3 Nc6 5. Nf3 Qb6 6. a3 cxd4 7. cxd4 Nge7 8. b4
Nf5 9. Bb2 Bd7 10. g4 Nh6 11. h3 Be7 12. Nbd2 O-O 13. Bd3 Rac8 14. Nb3 a6 15.
Nc5 Rfd8 16. Rc1 Bxc5 17. dxc5 Qa7 18. Qe2 Ne7 19. O-O Ng6 20. Qe3 Bc6 21. Nd4
b5 22. f4 Ne7 23. f5 Qd7 24. f6 Ng6 25. fxg7 Kxg7 26. Rf6 Ng8 27. Rf2 Qe7 28.
Rcf1 Rf8 29. Ne2 Ra8 30. Ng3 Kh8 31. Nh5 Rac8 32. Nf6 Kg7 33. Bd4 Qc7 34. Qg5
h6 35. Qe3 Nxf6 36. Rxf6 Rh8 37. Bxg6 fxg6 38. Rxe6 Rce8 39. Rd6 Rhf8 40. e6+
Kh7 41. Rxf8 Rxf8 42. Qe5 Qb7 43. e7 Rg8 44. Qf6 Be8 45. Rd8 Qc6 46. Rd6 Qc7
47. Be5 Qc8 48. Rxa6 Qb7 49. Rb6 1-0

[Event "9eme Open International de La Fere"]
[Site "La Fere (FRA)"]
[Date "2010.07.03"]
[Round "1.29"]
[White "Van Foreest, Lucas"]
[Black "Parent, Henri"]
[Result "1/2-1/2"]
[WhiteElo "1641"]
[BlackElo "1776"]
[PlyCount "134"]
[EventDate "2010.??.??"]

1. e4 e5 2. Bc4 Nf6 3. Nc3 Bc5 4. d3 O-O 5. Bg5 h6 6. Bh4 d6 7. Nd5 Nbd7 8. Ne2
c6 9. Nxf6+ Nxf6 10. O-O Be6 11. Bb3 g5 12. Bg3 Kh8 13. d4 exd4 14. Nxd4 Bxb3
15. Nxb3 Nxe4 16. Nxc5 Nxg3 17. Nxb7 Qb6 18. hxg3 Qxb7 19. Qxd6 Qxb2 20. Qxh6+
Kg8 21. Qxg5+ Qg7 22. Qxg7+ Kxg7 23. Rab1 Rab8 24. Rfd1 Rfd8 25. Rxd8 Rxd8 26.
Rb7 Rd1+ 27. Kh2 Rd2 28. f3 c5 29. Rxa7 Rxc2 30. Rc7 c4 31. a4 Rc1 32. a5 c3
33. a6 c2 34. a7 Ra1 35. Rxc2 Rxa7 36. g4 Ra3 37. Kg3 Kg6 38. Rc1 f6 39. Kh4
Ra2 40. Kg3 Ra3 41. Re1 Kg5 42. Re4 Kg6 43. Rf4 Kg5 44. Rf5+ Kg6 45. Rc5 Rb3
46. Kh4 Rb2 47. Kh3 Rb3 48. Rc2 Kg5 49. Kg3 Ra3 50. Kf2 Rb3 51. g3 Ra3 52. Rd2
Ra5 53. Ke3 Re5+ 54. Kf2 Ra5 55. Rd4 Rb5 56. Ke3 Re5+ 57. Kd2 Ra5 58. Kd3 Rb5
59. Kc4 Rb1 60. Kd5 Rg1 61. Rf4 Re1 62. Re4 Rf1 63. Re3 Rg1 64. f4+ Kxg4 65.
Ke6 f5 66. Kf6 Rh1 67. Kg6 Rf1 1/2-1/2

[Event "9eme Open International de La Fere"]
[Site "La Fere (FRA)"]
[Date "2010.07.03"]
[Round "1.30"]
[White "Biniaux, Michael"]
[Black "Bedu, Jean-Pierre"]
[Result "1-0"]
[WhiteElo "1772"]
[BlackElo "1640"]
[PlyCount "23"]
[EventDate "2010.??.??"]

1. d4 g6 2. e4 d6 3. f4 e6 4. Nf3 Bg7 5. e5 Ne7 6. Bd3 O-O 7. O-O Nd7 8. Nbd2
b6 9. Ne4 d5 10. Neg5 Kh8 11. Qe1 Nf5 12. Bxf5 1-0

[Event "9eme Open International de La Fere"]
[Site "La Fere (FRA)"]
[Date "2010.07.03"]
[Round "1.31"]
[White "Herman, Jose"]
[Black "Brobecker, Alain"]
[Result "1/2-1/2"]
[WhiteElo "1640"]
[BlackElo "1767"]
[PlyCount "119"]
[EventDate "2010.??.??"]

1. d4 d6 2. c4 Nf6 3. Nc3 g6 4. Bg5 Bg7 5. e3 O-O 6. Nf3 Nbd7 7. Bd3 c5 8. O-O
e5 9. d5 h6 10. Bh4 g5 11. Bg3 Nh5 12. Qc2 Nxg3 13. fxg3 Nf6 14. Rab1 Ng4 15.
Qd2 f5 16. e4 f4 17. h3 Ne3 18. Rfe1 Bd7 19. g4 a6 20. Nd1 Nxd1 21. Qxd1 Qa5
22. Qb3 Rfb8 23. a3 b5 24. cxb5 axb5 25. Qc2 b4 26. axb4 Qxb4 27. b3 Ra3 28.
Bc4 Rba8 29. Rb2 Bf6 30. Rd1 Kf7 31. Kh2 Bd8 32. Qf2 Qb8 33. Qc2 R8a7 34. Qf2
Rb7 35. Qc2 Raa7 36. Qf2 Rb4 37. Ra2 Rab7 38. Rda1 Bb5 39. Ra8 Qc7 40. Nxe5+
Kf6 41. Bxb5 dxe5 42. Bc4 Be7 43. R8a6+ R4b6 44. Qa2 Bd6 45. Rxb6 Qxb6 46. Qa4
Qd8 47. Qc6 Rc7 48. Qb5 Kg6 49. Ra6 Qe7 50. Qb6 Rd7 51. Qxc5 h5 52. Qc8 hxg4
53. Qg8+ Kf6 54. Ra8 g3+ 55. Kg1 Bc5+ 56. Kf1 Qf7 57. Qh8+ Qg7 58. Ra6+ Bd6 59.
Qe8 Qf7 60. Qh8+ 1/2-1/2

[Event "9eme Open International de La Fere"]
[Site "La Fere (FRA)"]
[Date "2010.07.03"]
[Round "1.32"]
[White "Swiercz, Sonia"]
[Black "Sogny, Richard"]
[Result "1-0"]
[WhiteElo "1762"]
[BlackElo "1640"]
[PlyCount "109"]
[EventDate "2010.??.??"]

1. e4 e6 2. d4 d5 3. exd5 exd5 4. Nf3 Be7 5. Nc3 Bf5 6. Bd3 Bxd3 7. Qxd3 c6 8.
Bf4 Nf6 9. O-O O-O 10. Ng5 h6 11. Nh3 Nbd7 12. Ne2 Nh7 13. Ng3 g5 14. Bd2 Bd6
15. Nf5 Bc7 16. Nxh6+ Kh8 17. Qf5 f6 18. f4 gxf4 19. Nxf4 Bxf4 20. Rxf4 Qe7 21.
Re1 Qg7 22. Rg4 Ng5 23. Rh4 Nh7 24. Re3 Rae8 25. Rg3 Qe7 26. Re3 Qg7 27. Rxe8
Rxe8 28. Qh5 Re7 29. Rg4 Qf8 30. Rg8+ Qxg8 31. Nxg8 Kxg8 32. Bh6 Ndf8 33. Bxf8
Kxf8 34. Qf5 Ke8 35. h4 Kd8 36. h5 Rf7 37. h6 Ng5 38. b3 Kc7 39. c4 dxc4 40.
bxc4 b6 41. a4 a6 42. g4 Nh7 43. d5 cxd5 44. cxd5 Ng5 45. Qc2+ Kb8 46. Kg2 Rh7
47. d6 Rxh6 48. Qc7+ Ka8 49. d7 Nf7 50. d8=Q+ Nxd8 51. Qxd8+ Kb7 52. Qf8 Rh7
53. Qxf6 b5 54. axb5 axb5 55. g5 1-0